000 00461nam a2200157Ia 4500
008 100122s9999 xx 000 0 und d
082 _b45811
_a823
100 _aबापट ना वि
245 _aपानिपतची मोहिम
250 _a3
260 _bवरदा बुक्स
_c1991
300 _a672
630 _aपानिपतची मोहिम
730 _aपानिपतची मोहिम
942 _cBOOK
999 _c425131
_d425128